| 000 | 00553nam a2200181Ia 4500 | ||
|---|---|---|---|
| 005 | 20250508164235.0 | ||
| 008 | 008 250505s9999 xx 000 0 eng d | ||
| 020 | _a81-7450-518-0 | ||
| 037 | _aReference | ||
| 040 |
_aFEDL _beng _cFEDL |
||
| 041 |
_aeng _2eng |
||
| 084 |
_a910, NCE _qFEDL |
||
| 245 | 0 | _aFundamentals of physical geography: Textbook for class 11th | |
| 260 |
_aNew Delhi, India _bNational Council of Educational Research and Training _c2006 |
||
| 300 | _a144p. | ||
| 942 |
_cREF _h910, NCE |
||
| 999 |
_c1387843 _d1387843 |
||